000 00579nam a2200181Ia 4500
008 100921s9999 xx 000 0 und d
082 _b12312
_a820 थ 37
100 _aShaw Bernard.
245 _aThe Intelligent Womens Guide.
260 _bपेंग्वीन बुक्स,ग्रेट ब्रिटन.
_c1937
300 _a254
_b---
365 _b0
520 _aललित इंग्रजी.
630 _aThe Intelligent Womens Guide.
650 _aललित इंग्रजी.
730 _aThe Intelligent Womens Guide.
942 _cBOOK
999 _c761425
_d761422